000 00373 a2200121 4500
005 20250613154024.0
020 _a978-81-315-2190-8
100 _aTURNER, R. W
245 _aSupply Management and Procurement: From the Basics to Best-in-Class
260 _aNew Delhi
_bCENGAGE Learning
_c2011
300 _axiii, 257p.: ill; Chat, Figure, Table
_bIndex
_c23.5cm
942 _2ddc
_cBKS
999 _c4012
_d4012